000 00556nam a2200193Ia 4500
005 20250507130246.0
008 008 250505s9999 xx 000 0 eng d
037 _aSeries Article
040 _aEASL
_beng
_cEASL
041 _aeng
_2eng
084 _qEASL
100 _aThornton Patricia M
_9669136
245 0 _aAdvance of the party:Transformation or takeeover of Urban grassroots society?
260 _aUK
_bUK Cambridge Univesity Press UK
_c2013
300 _a1-18
650 _aChina
942 _cSRA
999 _c1318621
_d1318621